Η επανάσταση κατά της γραφειοκρατίας
Αποθηκεύτηκε σε:
| Κύριος συγγραφέας: | |
|---|---|
| Άλλοι συγγραφείς: | |
| Μορφή: | Βιβλίο |
| Γλώσσα: | Greek French |
| Δημοσίευση: |
Αθήνα :
Υψιλον,
1985.
|
| Έκδοση: | 2η έκδ. |
| Σειρά: | Ύψιλον/βιβλία
|
| Θέματα: | |
| Ετικέτες: |
Προσθήκη ετικέτας
Δεν υπάρχουν, Καταχωρήστε ετικέτα πρώτοι!
|
MARC
| LEADER | 00000cam a2200000 i 4500 | ||
|---|---|---|---|
| 001 | 1/8350 | ||
| 008 | 961024s1985 gr | ||| |||| ||gre|| | ||
| 035 | |l 10017062 | ||
| 040 | |a GR-MyUA |b gre |e AACR2 | ||
| 041 | 1 | |a gre |h fre | |
| 082 | 0 | |a 354.47 | |
| 100 | 1 | |a Καστοριάδης, Κορνήλιος, |d 1922-1997. | |
| 245 | 1 | 2 | |a Η επανάσταση κατά της γραφειοκρατίας / |c Κορνήλιος Καστοριάδης ; μετάφραση Γιώργος Παπακυριάκης. |
| 250 | |a 2η έκδ. | ||
| 260 | |a Αθήνα : |b Υψιλον, |c 1985. | ||
| 300 | |a 287 σ. | ||
| 490 | 1 | |a (Υψιλον/βιβλία) | |
| 500 | |a Τίτλος πρωτοτύπου: La societe bureaucratique. | ||
| 650 | 0 | 0 | |a Bureaucracy |z Soviet Union. |
| 651 | 0 | |a Soviet Union |x Social conditions. | |
| 651 | 0 | |a Soviet Union |x Politics and government. | |
| 700 | 1 | |a Παπακυριάκης, Γιώργος, |e trl | |
| 774 | 1 | |t Η γραφειοκρατική κοινωνία | |
| 830 | 0 | |a Ύψιλον/βιβλία | |
| 852 | |a INST |b LESVOS |e 19961024 |h 354.47 ΚΑΣ |p 005100009056 |q 005100009056 |t BK |y 0 |z v.2 | ||
| 852 | |a INST |b LESVOS |e 19961024 |h 354.47 ΚΑΣ |p 005100009056 |q 005100009056 |t BK |v v.2: |y 0 |z v.2 | ||
| 853 | |a INST |b LESVOS |h 354.47 ΚΑΣ | ||
| 909 | |a Λ |b 011191 | ||